Socio-educational study of rural life in Rajasthan (Record no. 1331892)

MARC details
000 -LEADER
fixed length control field 00459nam a2200169Ia 4500
005 - DATE AND TIME OF LATEST TRANSACTION
control field 20250508151739.0
008 - FIXED-LENGTH DATA ELEMENTS--GENERAL INFORMATION
fixed length control field 008 250505s9999 xx 000 0 eng d
037 ## - SOURCE OF ACQUISITION
Stock number Textual
040 ## - CATALOGING SOURCE
Original cataloging agency FEDL
Language of cataloging eng
Transcribing agency FEDL
041 ## - LANGUAGE CODE
Language code of text/sound track or separate title eng
Source of code eng
084 ## - COLON CLASSIFICATION NUMBER
Classification number 374.954, VED
Assigning agency FEDL
100 ## - MAIN ENTRY--PERSONAL NAME
Personal name Veda Prakasha
245 #0 - TITLE STATEMENT
Title Socio-educational study of rural life in Rajasthan
300 ## - PHYSICAL DESCRIPTION
Extent 17p.
942 ## - ADDED ENTRY ELEMENTS (KOHA)
Koha item type Textual
Classification part 374.954, VED
Holdings
Withdrawn status Lost status Damaged status Not for loan Home library Current library Date acquired Total Checkouts Full call number Barcode Date last seen Price effective from Koha item type
        Department of Education Library Department of Education Library 2025-05-08   374.954, VED EL0012874 2025-05-08 2025-05-08 Textual
Copyright @ Delhi University Library System